000 00644nam a2200229Ia 4500
005 20250508164138.0
008 008 250505s9999 xx 000 0 eng d
020 _a1-4051-3801-7
037 _aReference
040 _aFEDL
_beng
_cFEDL
041 _aeng
_2eng
084 _a150.7, BUS
_qFEDL
100 _aBuskist William Ed.
245 0 _aHandbook of the teaching of psychology
260 _aMalden, USA
_bBlackwell
_c2006
300 _axii,358p
365 _aGBP
_b24.99
650 _aPsychology - teaching
_9777290
700 _a Davis Stephen F Ed.
_9777470
942 _cREF
_h150.7, BUS
999 _c1387305
_d1387305